Ishwer kaun hai, kanhan hai, kaisa hai ? (Record no. 439880)

000 -LEADER
fixed length control field 00297cam a22000977a 4500
008 - FIXED-LENGTH DATA ELEMENTS--GENERAL INFORMATION
fixed length control field 180718b1995 xxu||||| |||| 00| 0 eng d
245 ## - TITLE STATEMENT
Title Ishwer kaun hai, kanhan hai, kaisa hai ?
Statement of responsibility, etc. edited by Brahmverchasva
260 ## - PUBLICATION, DISTRIBUTION, ETC.
Place of publication, distribution, etc. Mathura
Name of publisher, distributor, etc. Akhand Jyoty Sansthan
Date of publication, distribution, etc. 1995
300 ## - PHYSICAL DESCRIPTION
Extent V.P.
700 ## - ADDED ENTRY--PERSONAL NAME
Personal name Brahmverchasva
Holdings
Withdrawn status Lost status Damaged status Not for loan Permanent Location Current Location Date acquired Barcode Date last seen Price effective from Koha item type
        Indian Institute of Public Administration Indian Institute of Public Administration 2010-05-05 71689 2018-07-21 2018-07-21 Book

Powered by Koha